00289nam a2200097Ia 4500008004100000100001500041245008400056260002700140300000800167650001600175191201s2017 xx 000 0 und d aDAS,Lyla B 0aArchitecture Programming and Interfacing of Low Power Processors ARMT, Cortex M bCengage Learningc2017 a262 aB.Tech(CSE)